000 00690cam a22002293a 4500
001 15362
003 PGUSA
005 20140828083329.0
008 050314s2005||||xxu|||||s|||||000 | eng d
040 _aPGUSA
_beng
042 _adc
050 4 _aBV
245 1 4 _aThe American Missionary — Volume 44, No. 03, March, 1890
_h[electronic resource] /
_cVarious
260 _bProject Gutenberg,
_c2005
506 _aPublic domain in the USA.
516 _aElectronic text
653 _aCongregational churches -- Missions -- Periodicals
653 _aHome missions -- Periodicals
830 0 _aProject Gutenberg
_v15362
856 4 0 _uhttp://www.gutenberg.org/ebooks/15362
942 _cEB
999 _c244617
_d244617